000 00307nam a22001337a 4500
008 180115b xxu||||| |||| 00| 0 eng d
020 _a2900495095803
041 _aeng
080 _212 ED
_a37
100 _a46
101 _aEDU
245 _aLOOKING OUT LOOKING IN
_cRONALD.B.ADLER
942 _2udc
_cBK
999 _c40313
_d40313